00645nam a2200193 a 450000100100000000500170001000800410002704000250006808200150009310000180010824500900012626000690021630000210028550000210030650000630032765000210039065000160041165000240042700001705820200929165018.0100317s1993 dr 001 0 spa d aDO-SdBNPbspacBNPHU a465bA325e1 aAlba, Orlando10aEnriquecimiento del vocabulario :b288 verbos básicos el español /cOrlando Alba. aSanto Domingo :bLibrería la Trinitaria,c1993.fSoto Castillo a190 p. ;c28 cm. aIncluye índice aIncluye datos biográficos del autor en la contracubierta 4aEspañolxVerbo 4aVocabulario 4aVerbo (gramática)